000 00522pam a2200157a 44500
008 230515b2009 xxu||||| |||| 00| 0 eng d
020 _aNULL
041 _aENGLISH
082 _a000
100 _aMINISTRY OF AYUSH
245 _aCLINICAL RESEARCH PROTOCOLS FOR TRADITIONAL HEALTH SCIENCES (AYURVEDA SIDDHA UNANI RIGPA AND OTHER )
250 _aI
260 _aNEW DELHI
_bNULL
_c2009
300 _a1090
650 _aCLINICAL RESEARCH PROTOCOLS FOR TRADITIONAL HEALTH SCIENCES (AYURVEDA SIDDHA UNANI RIGPA AND OTHER )
999 _c502270
_d502270